Svätoplukovo vojsko výpravná divadelná hra pre deti i dospelých, spracovaná na podklade povesti o Svätoplukovom vojsku v Sitne : hra má tri deje, predohru a záver; obsahuje spevy, tance a cvičenie vojska mečami a štíty. : na pamäť našich padlých i živých národných hrdinov, ktorí svojou krvou a strádaním vyviedli nás z otroctva a priviedli k slobode

Bibliographic Details
Main Author: Kovalčík, Oldrich (Author)
Format: Book
Language:Slovak
PhysicalDescription:103, [1] s. 8°
Published: Žilina O. Trávniček 1935
Series:Rozkvet : Knižnica divadelných hier pre mládež
Subjects:

MARC

LEADER 00000nam a2200000 a 4500
001 vtls008380245
003 SK-MaSNL
005 20260301181454.0
008 251124s1935 xo slo
015 |a SKSNBA19191938-005513 
035 |a SK01SNKBSKHR20010072462 
035 |a SKM000074925 
040 |a SNK  |b slo  |c SNK  |e AACR2 
041 1 |a slo 
044 |a xo 
080 |a 885.4-2  |2 1981 
100 1 |a Kovalčík, Oldrich  |4 aut  |9 346294 
245 1 0 |a Svätoplukovo vojsko  |b výpravná divadelná hra pre deti i dospelých, spracovaná na podklade povesti o Svätoplukovom vojsku v Sitne : hra má tri deje, predohru a záver; obsahuje spevy, tance a cvičenie vojska mečami a štíty. : na pamäť našich padlých i živých národných hrdinov, ktorí svojou krvou a strádaním vyviedli nás z otroctva a priviedli k slobode  |c Oldrich Kovalčík 
260 |a Žilina  |b O. Trávniček  |c 1935  |e Žilina  |f Slov. kníhtlač. 
300 |a 103, [1] s.  |c 8° 
490 0 |a Rozkvet : Knižnica divadelných hier pre mládež  |v zv. 62 
500 |a Ilustr. Notované piesne 
504 |a Scénické návrhy a schémy 
650 0 7 |a slovenská dráma  |2 SNK  |9 78099 
655 7 |a umelecká literatúra  |2 SNKPH  |9 60405 
830 0 |a Rozkvet : Knižnica divadelných hier pre mládež  |9 309377 
852 |a Slovenská národná knižnica v Martine  |b 10000  |h MS SD 14761 
852 |a Univerzitná knižnica v Bratislave  |b 300000  |h SG 1062/62 
958 |a OND 
958 |a RK 
958 |a TL 
999 |c 850100  |d 852030 
952 |a SNK  |b SNK  |y PREZ  |7 0  |p 17A0523971  |o snkSD 14761  |i snk693/58  |0 0  |1 0  |4 0  |d 2006-10-18  |l 0  |r 2025-11-28 00:00:00  |w 2026-02-24